000 00845namaa2200277 a 4500
001 vtls000979429
003 NLI
005 20210627100428.0
008 120209s1957 sz i000 0 eng
039 9 _y201202091918
_zVLOAD
040 _aNLI
_cVTLS-2010_FOD
_eAACR2
041 0 _aeng
044 _asz
082 0 4 _a651.7734123
110 2 _aUnited nations.
_bInternational Labour Offrice
245 1 0 _aMinutes of the 137th session of the governing body :
_bGeneva, 29 October - 1 November 1957
260 _aGeneva :
_bInternational Labour Offrice,
_c1957
300 _a188 p. ;
_c30 cm.
500 _aIncluding index
650 0 _aMinutes
_zUnited Nations
887 _a
901 _aUN-879
_b17.02.1960
902 _aU.N 651.7734123 In 8 m (137 Th)
949 _AVIRTUAITEM
_D10000
_X100
_6UNX000000879ENG
942 _2ddc
_cBKS
999 _c802442
_d802442